| 000 | 01036 a2200313 4500 | ||
|---|---|---|---|
| 999 |
_c200131228 _d19612 |
||
| 001 | 200131228 | ||
| 003 | TR-AnTOB | ||
| 005 | 20240809111222.0 | ||
| 008 | 140116s2013 tu 000 0 | ||
| 020 | _a9786053951506 | ||
| 040 |
_aTR-AnTOB _cTR-AnTOB |
||
| 041 | _atur | ||
| 050 | 0 | 0 |
_aJQ1805 _b.A98 2008 |
| 090 | _aJQ1805 .A98 2008 | ||
| 100 | 1 |
_aAytürk, Nihat, _d1948- _995403 |
|
| 245 | 1 | 0 |
_aProtokol bilgisi : _bsosyal hayatta ve iş ortamında protokol ve davranış kuralları / _cNihat Aytürk. |
| 246 | 3 | 0 | _aSosyal hayatta ve iş ortamında protokol ve davranış kuralları |
| 264 | 1 |
_aAnkara: _bNobel Yayın Dağıtım, _c2008. |
|
| 300 |
_a162 s. ; _c23 cm. |
||
| 336 |
_2rdacontent _atext _btxt |
||
| 337 |
_2rdamedia _aunmediated _bn |
||
| 338 |
_2rdacarrier _avolume _bnc |
||
| 490 | 0 |
_aNobel Yayınevi ; _v262 |
|
| 500 | _aBibliyografya (s. 253-255) ve dizin var. | ||
| 650 | 0 |
_aGovernment etiquette _zTurkey _913649 |
|
| 650 | 0 | 0 |
_aDevlet protokol kuralları _zTürkiye _995404 |
| 942 |
_cBK _2lcc |
||